Представление документа в формате RUSMARC

ПолеНазваниеЗначение
  Тип записи a
  Библиографический уровень a
001 Контрольный номер RU/CBS_UL/BASE/23c803810fc94c0081b6b5938eb2e588
005 Дата корректировки 20250928232058.0
100 Данные общей обработки __
a Данные общей обработки 20250928 ||| 0rusy0189 ca
101 Язык документа 0_
a Язык текста rus
102 Страна публикации __
a Страна публикации RU
200 Заглавие и сведения об ответственности 1_
a Заглавие Галина Петрова. Не родись красивой
e Сведения, относящиеся к заглавию [о жизни и творчестве актрисы Г. Петровой]
f Первые сведения об ответственности Л. Абрамова
300 Общие примечания __
a Общие примечания 16+
461 Уровень набора _0
1 2000
a Дарья
463 Уровень физической единицы _0
1 2000
a № 15
v С. 14-15 : фот.
1 2101
d 2025
1 001RU/CBS_UL/BASE/b354d1027e3648938d158b036dfae317
600 Персоналии _1
a Персоналии (Фамилия) Петрова
b Персоналии (Имя, инициалы) Г.Л.
606 Тематические рубрики 0_
a Основная рубрика Петрова, Галина Леонидовна (1956)
610 Ключевые слова 0_
a Ключевые слова актрисы советские; актрисы российские; российские актрисы; актрисы театра и кино; заслуженные артистки Российской Федерации
686 Индексы других классификаций __
2 Код системы rubbk
a Классификационный индекс 85.374(2)
700 Автор _1
a Фамилия Абрамова
b Имя (инициалы) Л.
801 Источник записи _0
a Страна RU
b Организация МБУК ЦБС г. Ульяновска
c Дата составления 20250928
g Правила каталогизации RCR
801 Источник записи _1
a Страна RU
b Организация МБУК ЦБС г. Ульяновска
c Дата составления 20250928
g Правила каталогизации RCR
901 Тип документа __
t Тип документа b
w Контрольный № источника RU/CBS_UL/BASE/b354d1027e3648938d158b036dfae317
909 Создатель записи __
a Создатель записи lib1